000 00479nam a2200181Ia 4500
008 240925s9999 xx 000 0 und d
020 _a9789381269824
082 _a515.5 AND
100 _aAndrilli, Stephen ; Hecker, David
245 0 _aElementary Linear Algebra
250 _a4th
260 _aAmsterdam:
_bElsevier
_c,2017.
300 _a364p.
_b0
_fOriginal
500 _aIncludes Index
600 _aHumanities & Natural Science
650 _aMathematics
942 _cBK
999 _c16066
_d16066